| 000 | 00471ntaaa2200169 4500 | ||
|---|---|---|---|
| 003 | 01 | ||
| 005 | 20251027202745.0 | ||
| 008 | 0714s1973 ag 01 | ||
| 040 |
_aAR-BaBN _bspa _cAR-BaBN _eaacr _dRIC |
||
| 082 | _a790.1000 R24r | ||
| 245 | _aRecreacion en la familia y en la iglesia | ||
| 250 | _a1 ed. | ||
| 260 |
_aBuenos Aires : _bConvencion Evangelica Bautista Argentina, _c1983 |
||
| 300 |
_a69 p ; _cilu. musica : 27 cm |
||
| 650 |
_arecreación _918895 |
||
| 942 | _cBK | ||
| 999 |
_c22831 _d22831 |
||